000 00555nam a2200145 i 4500
001 57133
003 ES-MaACL
007 t|
008 031015s1922 fr ||||1| fre d
100 1 _aDonnedieu de Vabres, H.
_945327
245 1 0 _aIntroduction a l'etude du Droit Penal International
_b: essaid d'Histoire et de critique sur la compétence criminelle dans les rapports avec l'etranger /
_cpar H. Donnedieu de Vabres.
260 _aParís :
_b[s.n.,
_c1922] (
_eBar-le-Duc :
_fContant Laguerre)
300 _a482 p. ;
_c23 cm.
852 _aES-MaACL
_jB-5315
999 _c57133
_d57133